| 000 | 00721cam a2200217 a 4500 | ||
|---|---|---|---|
| 001 | 2123056 | ||
| 005 | 20241118140933.0 | ||
| 008 | 970127s1997 kyu b 000 0 eng | ||
| 020 | _a0664256066 (pbk. : alk. paper) | ||
| 050 | 0 | 0 |
_aBR563.N4 _bS776 1997 |
| 082 | 0 | 0 |
_a305.896/073 _221 |
| 100 | 1 |
_aStewart, Carlyle Fielding, _d1951- |
|
| 245 | 1 | 0 |
_aSoul survivors : _ban African American spirituality / _cCarlyle Fielding Stewart, III. |
| 250 | _a1st ed. | ||
| 260 |
_aLouisville, Ky. : _bWestminster John Knox Press, _cc1997. |
||
| 300 |
_axiii, 146 p. ; _c23 cm. |
||
| 500 | _aIncludes Notes and Bibliography | ||
| 650 | 0 |
_aAfrican Americans _xReligion. |
|
| 650 | 0 |
_aSpirituality _zUnited States. |
|
| 942 |
_2lcc _cBK _n0 |
||
| 999 |
_c1279 _d1279 |
||